000 00897cam a2200289 4500
001 17887
003 BD-RjUL
005 20211209000216.0
008 140219s1972 enk b 001 1 eng d
020 _a0416124801
035 _a(BD-RjUL)17945
040 _aDLC
_cDLC
_dDLC
_dBD-RjUL
_beng
041 _aeng
082 0 0 _a813.4
_bAIR 1972
100 _d1939-
_955202
245 1 4 _aThe air of reality: new essays on Henry James /
_cedited by John Goode.
260 _aLondon :
_bMethuen,
_c1972.
300 _a[5], 368 p. ;
_c22 cm.
350 _a£4.85
500 _aDistributed in the U.S.A. by Harper & Row, Barnes & Noble Import Division.
504 _aIncludes bibliographical references and Index
600 1 0 _aJames, Henry,
_d1843-1916
_xCriticism and interpretation.
_951734
700 1 _aGoode, John,
_955203
942 _2ddc
_cBK
999 _c17887
_d17887